000 01075nam0a22002771 4500
001 rc\4007895
005 20250611053823.0
021 _aRU
_b[52-14062]
035 _a(NLR Aleph) 008077590
090 _a9102649
_c9102649
100 _a20130415d1952 |||y0rusy50 ca
101 0 _arus
102 _aRU
105 _ay z |||||
200 1 _aРевизия хозяйственно-финансовой деятельности правления колхоза
_fПод ред. А.П. Краснова
_gМ-во сельского хозяйства СССР. Всесоюз. заоч. учетные курсы "ВЗУК"
205 _a7-е изд. (перераб.)
210 _aМосква
_cБ. и.
_d1952
215 _a111 с.
_d20
606 _aКолхозы
_xРевизия и контроль
_2psbo
700 1 _aДавыдов-Федотов
_bК.В.
_gКонстантин Васильевич
702 1 _aКраснов
_bА.П.
_4340
801 0 _aRU
_bNLR
_gpsbo
801 1 _aRU
_bELAR
_2rusmarc
852 _aNLR
_jЭк50 Г-3/248
942 _cBOOK
980 _aNB